Alle Gift-Typ Pokémon - Statistiken

Allgemein
  • Dieses Quiz wurde 20 mal gespielt
  • Das Durchschnittsergebnis liegt bei 44 aus 83
Antwortstatistiken
Typ National-Dex Nr. Antwort % Korrekt
Pflanze/Gift #0002 Bisaknosp
100%
Pflanze/Gift #0001 Bisasam
100%
Käfer/Gift #0015 Bibor
94%
Pflanze/Gift #0003 Bisaflor
94%
Gift/Flug #0042 Golbat
94%
Käfer/Gift #0013 Hornliu
94%
Käfer/Gift #0014 Kokuna
94%
Gift/Boden #0034 Nidoking
94%
Gift/Boden #0031 Nidoqueen
94%
Gift #0030 Nidorina
94%
Gift #0033 Nidorino
94%
Gift/Flug #0041 Zubat
94%
Gift #0024 Arbok
88%
Pflanze/Gift #0045 Giflor
88%
Gift #0023 Rettan
88%
Pflanze/Gift #0044 Duflor
81%
Gift/Flug #0169 Iksbat
81%
Gift #0088 Sleima
81%
Gift #0089 Sleimok
81%
Geist/Gifft #0093 Alpollo
75%
Geist/Gift #0094 Gengar
75%
Gift #0110 Smogmog
75%
Gift #0109 Smogon
75%
Pflanze/Gift #0069 Knofensa
69%
Geist/Gift #0092 Nebulak
69%
Pflanze/Gift #0071 Sarzenia
69%
Wasser/Gift #0072 Tentacha
69%
Wasser/Gift #0073 Tentoxa
69%
Pflanze/Gift #0070 Ultrigaria
69%
Käfer/Gift #0048 Bluzuk
63%
Käfer/Gift #0049 Omot
63%
Käfer/Gift #0168 Ariados
56%
Käfer/Gift #0167 Webarak
56%
Gift/Kampf #0453 Glibunkel
50%
Gift/Unlicht #0452 Piondragi
50%
Gift/Käfer #0451 Pionskora
50%
Käfer/Gift #0269 Pudox
50%
Käfer/Gift #0544 Rollum
50%
Gift/Kampf #0454 Toxiquak
50%
Gift/Wasser #0748 Aggrostella
44%
Gift/Wasser #0690 Algitt
44%
Gift/Feuer #0758 Amfira
44%
Wasser/Gift #0211 Baldorfish
44%
Käfer/Gift #0545 Cerapendra
44%
Pflanze/Gift #0406 Knospi
44%
Pflanze/Gift #0315 Roselia
44%
Pflanze/Gift #0407 Roserade
44%
Gift #0317 Schlukwech
44%
Gift #0316 Schluppuck
44%
Gift/Unlicht #0434 Skunkapuh
44%
Gift/Unlicht #0435 Skuntank
44%
Käfer/Gift #0543 Toxiped
44%
Gift #0336 Vipitis
44%
Gift #0569 Deponitox
38%
Gift/Wasser #0747 Garstella
38%
Gift/Feuer #0757 Molunk
38%
Elektro/Gift #0849 Riffex
38%
Gift/Drache #0691 Tandrak
38%
Elektro/Gift #0848 Toxel
38%
Gift #0568 Unratütox
38%
Gift/Normal #0945 Affiti
31%
Gift/Drache #0890 Endynalos
31%
Stahl/Gift #0966 Knattatox
31%
Gestein/Gift #0970 Lumiflora
31%
Unlicht/Gift #0904 Myriador
31%
Gift/Drache #0804 Agoyon
25%
Pflanze/Gift #0591 Hutsassa
25%
Gift/Geist #1025 Infamomo
25%
Stahl/Gift #0965 Knattox
25%
Gestein/Gift #0969 Lumispross
25%
Kampf/Gift #0903 Snieboss
25%
Gift/Normal #0944 Sproxi
25%
Gift/Boden #0980 Suelord
25%
Gift #0803 Venicro
25%
Gestein/Gift #0793 Anego
19%
Gift/Fee #1016 Beatori
19%
Gift/Psycho #1015 Benesaru
19%
Gift/Kampf #1014 Boninu
19%
Feuer/Gift #0994 Eisenfalter
19%
Pflanze/Gift #0043 Myrapia
13%
Gift #0029 Nidoran♀
13%
Gift #0032 Nidoran♂
13%
Pflanze/Gift #0590 Tarnpigon
13%
Keine übereinstimmenden Quizze gefunden
Verteilung der Resultate
Anzahl Personen mit jedem Resultat
Perzentil nach korrekt beantworteten Fragen
Ihre Resultats-Entwicklung
Sie haben dieses Quiz noch nicht gespielt